01547nam a2200349 a 4500001001200000003000800012006001900020007001500039008004100054040002100095035002100116043001200137050002600149100002400175245017800199260008200377300001800459490003300477500002000510504005200530533015200582650007000734650006900804655002900873700002600902700002000928710005500948710001701003830003401020856012601054999001701180ebr10302876CaPaEBRm u cr cn|||||||||090806s2005 dcua sb 000 0 eng d aCaPaEBRcCaPaEBR a(OCoLC)535146878 ad------14aHJ2351.4b.D36 2005eb1 aDanninger, Stephan.14aThe political economy of revenue-forecasting experience from low-income countriesh[electronic resource] /cprepared by Stephan Danninger, Marco Cangiano, and Annette Kyobe. aWashington, D.C. :bInternational Monetary Fund, Fiscal Affairs Dept.,c2005. a30 p. :bill.1 aIMF working paper ;vWP/05/2 a"January 2005." aIncludes bibliographical references (p. 28-30). aElectronic reproduction.bPalo Alto, Calif. :cebrary,d2013.nAvailable via World Wide Web.nAccess may be limited to ebrary affiliated libraries. 0aTax revenue estimatingzDeveloping countriesxEconometric models. 0aTax revenue estimatingxCorrupt practiceszDeveloping countries. 7aElectronic books.2local1 aCangiano, M.q(Marco)1 aKyobe, Annette.2 aInternational Monetary Fund.bFiscal Affairs Dept.2 aebrary, Inc. 0aIMF working paper ;vWP/05/2.40uhttp://site.ebrary.com/lib/rucke/Doc?id=10302876zAn electronic book accessible through the World Wide Web; click to view c69561d69561